|
|
|
|
| LEADER |
00000nam0a2200000 4500 |
| 001 |
22990 |
| 005 |
20231101205524.0 |
| 010 |
|
|
|a 5713701069
|
| 035 |
|
|
|a (RuTPU)RU\TPU\book\23205
|
| 035 |
|
|
|a BOOK00023277
|
| 090 |
|
|
|a 22990
|
| 100 |
|
|
|a 20011209d1999 k y0rusy50 ca
|
| 101 |
1 |
|
|a rus
|c fre
|
| 102 |
|
|
|a RU
|
| 105 |
|
|
|a y z 000zb
|
| 200 |
1 |
|
|a Тексты деконструкции
|f Е. Н. Гурко
|
| 210 |
|
|
|a Томск
|c Водолей
|d 1999
|
| 215 |
|
|
|a 160 с.
|
| 423 |
|
|
|t Differance
|o пер. с фр.
|f Ж. Деррида
|a Деррида, Жак
|
| 600 |
|
1 |
|a Деррида
|b Ж.
|c французский философ
|f 1930-2004
|g Жак
|c деконструкция
|2 stltpush
|3 (RuTPU)RU\TPU\pers\11337
|
| 606 |
1 |
|
|a Французская философия
|x История
|z вторая половина 19-20 в. в.
|2 stltpush
|3 (RuTPU)RU\TPU\subj\64341
|9 81247
|
| 610 |
1 |
|
|a философия
|
| 610 |
1 |
|
|a 20 век
|
| 610 |
1 |
|
|a деконструкция
|
| 610 |
1 |
|
|a грамматология
|
| 686 |
|
|
|a Ю3(4Фр)6
|v LBC/SL-A
|2 rubbk
|
| 700 |
|
1 |
|a Гурко
|b Е. Н.
|g Елена Николаевна
|
| 801 |
|
0 |
|a RU
|b 63413507
|c 20011209
|g PSBO
|
| 801 |
|
2 |
|a RU
|b 63413507
|c 20141114
|g PSBO
|
| 942 |
|
|
|c BK
|